| 000 | 00607nam a2200205 u 4500 | ||
|---|---|---|---|
| 005 | 20240831063719.0 | ||
| 008 | 080729s2001 r 000 0 eng d | ||
| 020 | _a848452051X | ||
| 035 | _aUPN01000158441 | ||
| 049 | _aI | ||
| 050 | 4 |
_aPZ71 _bG3.42 |
|
| 100 | 1 | _aGarcía, Queta | |
| 245 | 1 | 4 |
_aUna fiesta bajo las estrellas / _cQueta García ; il. Ignasi Blanch. |
| 260 |
_aBarcelona, Esp. : _bIntermón Oxfam, _c2001. |
||
| 300 |
_a[18] p. : _bil. col. |
||
| 650 | 4 |
_aLibros y lectura para niños _92290 |
|
| 650 | 4 |
_aCuentos infantiles españoles _97725 |
|
| 905 | _aInfantil | ||
| 999 |
_c130555 _d130555 |
||